000 00701nam a22001575i 4500
001 171182
003 ES-MaACL
005 20230912063111.0
008 090504s1838 sp |||| | spa d
100 1 _aCampoamor, Ramón de,
_d1817-1901
_934232
245 1 4 _aUna muger [sic] generosa
_b: comedia original en dos actos y en verso /
_cpor Ramón Campoamor.
260 _aMadrid :
_b[s.n.],
_c1838 (
_fImp. de los hijos de Doña Catalina Piñuela)
300 _a42 p. ;
_c17 cm.
852 _aES-MaACL
_jF-8589(1)
_z.- Enc. pasta epañola
_q- Falto de la cub. original
_z- Enc. en un vol. facticio formando parte de la col. facticia "Teatro español moderno", vol. 42
999 _c171182
_d171182